<?xml version="1.0" encoding="UTF-8"?>
<collection xmlns="http://www.loc.gov/MARC21/slim">
 <record>
  <leader>02136nam a2200325 a 4500</leader>
  <controlfield tag="001">TVCDKTCT5983</controlfield>
  <controlfield tag="003">Thư viện trường Cao đẳng Kỹ thuật Cao Thắng</controlfield>
  <controlfield tag="005">20170525134608.4</controlfield>
  <controlfield tag="008">061017</controlfield>
  <datafield tag="980" ind1="\" ind2="\">
   <subfield code="a">Thư viện Trường CĐ Kỹ Thuật Cao Thắng</subfield>
  </datafield>
  <datafield tag="024" ind1=" " ind2=" ">
   <subfield code="a">RG_1 #1 eb0 i1</subfield>
  </datafield>
  <datafield tag="041" ind1="0" ind2="#">
   <subfield code="a">vie</subfield>
  </datafield>
  <datafield tag="082" ind1="#" ind2="#">
   <subfield code="a">428.005 / </subfield>
   <subfield code="b">TH101C-t</subfield>
  </datafield>
  <datafield tag="100" ind1="1" ind2="#">
   <subfield code="a">Nguyễn Thị Tuyết</subfield>
  </datafield>
  <datafield tag="245" ind1="0" ind2="0">
   <subfield code="a">Tiếng Anh chuyên ngành công nghệ thông tin. / </subfield>
   <subfield code="c">Nguyễn Thị Tuyết, Tạ Văn Hùng</subfield>
  </datafield>
  <datafield tag="246" ind1="0" ind2="1">
   <subfield code="a">English for Information technology</subfield>
  </datafield>
  <datafield tag="250" ind1="#" ind2="#">
   <subfield code="a">In lần thứ 1</subfield>
  </datafield>
  <datafield tag="260" ind1="#" ind2="#">
   <subfield code="a">H. : </subfield>
   <subfield code="b">Giao thông vận tải , </subfield>
   <subfield code="c">2006</subfield>
  </datafield>
  <datafield tag="300" ind1="#" ind2="#">
   <subfield code="a">668tr. ; </subfield>
   <subfield code="c">27cm</subfield>
  </datafield>
  <datafield tag="520" ind1="#" ind2="#">
   <subfield code="a">Nội dung cuốn sách bao gồm 4 phần :</subfield>
  </datafield>
  <datafield tag="520" ind1="#" ind2="#">
   <subfield code="a">Phần 1: Dạy và học tiếng Anh công nghệ thông tin: Trình bày 25 bài học căn bản với các từ điển thuật ngữ đa dạng, từ kiến trúc máy tính, giao diện người dùng, Internet, WWW đến các chủ điểm về tương lai của IT, xuất bản điện tử...</subfield>
  </datafield>
  <datafield tag="520" ind1="#" ind2="#">
   <subfield code="a">Phần 2: Các bài đọc hiểu tiếng Anh công nghệ thông tin: Cung cấp các bài đọc tham khảo nhằm củng cố thêm phần kiến thức căn bản cho 25 bài học.</subfield>
  </datafield>
  <datafield tag="520" ind1="#" ind2="#">
   <subfield code="a">Phần 3: Danh mục và từ vựng tiếng Anh: Liệt kê các thuật ngữ tiếng Anh được dùng trong phần 1</subfield>
  </datafield>
  <datafield tag="520" ind1="#" ind2="#">
   <subfield code="a">Phần 4: Giải thích thuật ngữ tiếng Anh trong công nghệ thông tin: Giới thiệu khoảng 2000 thuật ngữ tiếng Anh công nghệ thông tin kèm theo phần phiên âm và giải thích tiếng Việt.</subfield>
  </datafield>
  <datafield tag="650" ind1="#" ind2="4">
   <subfield code="a">Input-output devices--Storage devices--Basic software--Creative software--Programming</subfield>
  </datafield>
  <datafield tag="650" ind1="#" ind2="4">
   <subfield code="a">Máy tính--Kỹ thuật</subfield>
  </datafield>
  <datafield tag="650" ind1="#" ind2="4">
   <subfield code="a">Tiếng Anh</subfield>
  </datafield>
  <datafield tag="700" ind1="0" ind2="#">
   <subfield code="a">Tạ Văn Hùng</subfield>
  </datafield>
  <datafield tag="721" ind1="#" ind2="#">
   <subfield code="a">Công nghệ thông tin</subfield>
  </datafield>
  <datafield tag="841" ind1="#" ind2="#">
   <subfield code="b">Kho Sách </subfield>
   <subfield code="j">100018541, 100018542, 100018543, 100018544</subfield>
  </datafield>
 </record>
</collection>
